00822nam a22002177a 4500999001900000005001700019010001500036020002700051035001400078037001300092082001200105100002000117245007500137260004400212270011000256300002400366500004600390700001800436942002600454952012400480 c165672d16567220190626142312.0 aENG-125782 a9789386725974c1195.00 aEN-109314 bDBAD/PUB a305.233 aShehla, Farzana aChildren at early childhood /cby Farzana Shehla ; ed. by T. Mrunalini aHyderabadbNeelkamal Publicationsc2019 a4764/1, 23 Ansari RoadbDaryaganj, New Delhie110002k011-23244237, 9811828953mneelkamalbooks@gmail.com axix,296p.c25cm(Hb) aIncludes bibliographical references index aMrunalini, T. 2ddccENh305.233mSHE 001040708NFICaAVbAVd2019-06-26eDBAD/PUBg1195.00l0o305.233 SHEpEN-109314r2019-06-26 00:00:00t1v1195.00yEN